Statistics for Japanese: City Names in Katakana

Click here to take the quiz!

General Stats

  • This quiz has been taken 388 times
  • The average score is 12 of 20

Answer Stats

% Correct
ロンドンLondon
96%
パリParis
96%
ベルリンBerlin
90%
モスクワMoscow
80%
ムンバイMumbai
78%
マイアミMiami
73%
リオデジャネイロRio de Janeiro
72%
ペキンBěijīng
71%
メキシコシティMéxico City
71%
バルセロナBarcelona
68%
デトロイトDetroit
63%
アムステルダムAmsterdam
62%
ヨハネスブルグJohannesburg
59%
アレクサンドリアAlexandria
58%
ソウルSeoul
56%
シドニーSydney
54%
シアトルSeattle
44%
パースPerth
20%
ニジニ・ノヴゴロドNizhny Novgorod
18%
コウシュウGuǎngzhōu
5%

Score Distribution

Percentile by Number Answered

Percent of People with Each Score

Your Score History

You have not taken this quiz